[Event "POL-ch sf"]
[Site "Karpacz"]
[Date "2022.12.11"]
[Round "9"]
[White "Chylewski, Patryk"]
[Black "Kaczmarek, Arkadiusz"]
[Result "1-0"]
[WhiteElo "2291"]
[BlackElo "2141"]
[PlyCount "79"]
[EventDate "2022.12.03"]
[EventType "swiss"]
[EventRounds "9"]
[EventCountry "POL"]
[SourceTitle "CBM 211 Extra"]
[Source "ChessBase"]
[SourceDate "2023.01.31"]
[SourceVersion "1"]
[SourceVersionDate "2023.01.31"]
[SourceQuality "1"]

1. c4 e5 2. Nc3 d6 3. e3 f5 4. d4 Be7 5. Nf3 e4 6. Nd2 c6 7. h4 d5 8. g3 Nf6 9. Be2 0-0 10. b3 Be6 11. Bb2 a5 12. Na4 Nbd7 13. Rc1 Kh8 14. Nb1 g6 15. Qd2 h6 16. Ba3 Kg7 17. Bxe7 Qxe7 18. Nbc3 g5 19. cxd5 Nxd5 20. Nxd5 Bxd5 21. Bc4 Nf6 22. Nb6 Rad8 23. Bxd5 Nxd5 24. Nxd5 Rxd5 25. hxg5 hxg5 26. Qe2 g4 27. Kf1 Qa3 28. Kg2 Rh8 29. Rxh8 Kxh8 30. Rh1+ Kg7 31. Qd1 Qxa2 32. Rh5 Qa3 33. Qh1 Qf8 34. Rh7+ Kg6 35. Qh5+ Kf6 36. Rxb7 Rb5 37. Rc7 Rb6 38. Rh7 Ra6 39. Rh8 Qg7 40. Rh6+ 1-0

[Event "POL-chT 1st League"]
[Site "Sypniewo"]
[Date "2022.09.09"]
[Round "7.4"]
[White "Sendera, Jaroslaw"]
[Black "Kaczmarek, Arkadiusz"]
[Result "1/2-1/2"]
[WhiteElo "2231"]
[BlackElo "2141"]
[PlyCount "88"]
[EventDate "2022.09.03"]
[EventType "team-swiss"]
[EventRounds "9"]
[EventCountry "POL"]
[SourceTitle "CBM 210 Extra"]
[Source "ChessBase"]
[SourceDate "2022.11.30"]
[SourceVersion "1"]
[SourceVersionDate "2022.11.30"]
[SourceQuality "1"]
[WhiteTeam "Sedziszow Malopolski"]
[BlackTeam "Gostynin Gostmat 83"]
[WhiteTeamCountry "POL"]
[BlackTeamCountry "POL"]

1. e4 c5 2. Nf3 e6 3. Nc3 a6 4. g3 Nc6 5. Bg2 d6 6. 0-0 Nf6 7. d4 cxd4 8. Nxd4 Bd7 9. Nxc6 Bxc6 10. a4 Be7 11. a5 0-0 12. Be3 Nd7 13. Na4 Qc7 14. Nb6 Rae8 15. Nxd7 Qxd7 16. c4 f5 17. Qd3 fxe4 18. Bxe4 Bxe4 19. Qxe4 Bf6 20. Rfd1 Rc8 21. Rd2 Rc6 22. Rad1 Rfc8 23. b3 Bc3 24. Ra2 Qf7 25. Rd3 Bf6 26. Rad2 Be7 27. Bb6 Rf8 28. Re2 e5 29. Kg2 Qf5 30. Qxf5 Rxf5 31. Rf3 g6 32. g4 Rf7 33. Rxf7 Kxf7 34. Kf3 Ke6 35. Ke4 Bg5 36. Be3 Bd8 37. Ra2 Rc8 38. Ra4 Be7 39. Rb4 Rc7 40. Rb6 Rd7 41. Rb4 Bd8 42. Bb6 Be7 43. Be3 Bd8 44. Bb6 Be7 1/2-1/2

[Event "POL-chT 1st League"]
[Site "Sypniewo"]
[Date "2022.09.03"]
[Round "1.2"]
[White "Maltsevskaya, Aleksandra"]
[Black "Kaczmarek, Arkadiusz"]
[Result "1-0"]
[WhiteElo "2356"]
[BlackElo "2141"]
[PlyCount "85"]
[EventDate "2022.09.03"]
[EventType "team-swiss"]
[EventRounds "9"]
[EventCountry "POL"]
[SourceTitle "CBM 210 Extra"]
[Source "ChessBase"]
[SourceDate "2022.11.30"]
[SourceVersion "1"]
[SourceVersionDate "2022.11.30"]
[SourceQuality "1"]
[WhiteTeam "Dabrowa Gornicza Zaglebie"]
[BlackTeam "Gostynin Gostmat 83"]
[WhiteTeamCountry "POL"]
[BlackTeamCountry "POL"]

1. e4 c5 2. Nf3 e6 3. d4 cxd4 4. Nxd4 Nc6 5. Nc3 a6 6. Be2 d6 7. 0-0 Nf6 8. Be3 Be7 9. f4 0-0 10. Qe1 Nxd4 11. Bxd4 b5 12. a3 Bb7 13. Qg3 g6 14. Bd3 a5 15. Rae1 b4 16. axb4 axb4 17. Nd1 d5 18. e5 Ne4 19. Qe3 Qc7 20. Nf2 Rfc8 21. Ng4 Bc5 22. Bxe4 Bxd4 23. Qxd4 dxe4 24. Qxb4 Rab8 25. Rf2 e3 26. Rxe3 Bxg2 27. Qd6 Bc6 28. Nf6+ Kg7 29. Qxc7 Rxc7 30. Rc3 Rd8 31. Re2 Rcc8 32. Kf2 Rd1 33. b3 Rh1 34. Ke3 Rf1 35. Ne4 Kf8 36. b4 Ke7 37. b5 Bb7 38. Rxc8 Bxc8 39. Nd6 Bd7 40. c4 Rb1 41. Ra2 f6 42. Ra7 fxe5 43. fxe5 1-0

[Event "Suwalki Warakomska Memorial 6th"]
[Site "Suwalki"]
[Date "2022.08.06"]
[Round "5"]
[White "Kaczmarek, Arkadiusz"]
[Black "Bhambure, Shantanu"]
[Result "0-1"]
[WhiteElo "2124"]
[BlackElo "2314"]
[PlyCount "78"]
[EventDate "2022.08.03"]
[EventType "swiss"]
[EventRounds "9"]
[EventCountry "POL"]
[SourceTitle "CBM 209 Extra"]
[Source "ChessBase"]
[SourceDate "2022.09.30"]
[SourceVersion "1"]
[SourceVersionDate "2022.09.30"]
[SourceQuality "1"]

1. d4 Nf6 2. c4 e6 3. Nf3 Bb4+ 4. Nbd2 0-0 5. a3 Be7 6. e4 d6 7. Be2 Nfd7 8. b4 e5 9. d5 a5 10. Bb2 axb4 11. axb4 Rxa1 12. Qxa1 c5 13. b5 Nf6 14. Qa7 Nbd7 15. 0-0 Nh5 16. g3 g6 17. Ne1 Ng7 18. Nd3 f5 19. f4 exf4 20. Nxf4 Bf6 21. Qa1 Bxb2 22. Qxb2 Ne5 23. Qc3 fxe4 24. Nxe4 Nf5 25. Bd1 Nd4 26. h4 Qe7 27. Ng5 h6 28. Nf3 Nexf3+ 29. Bxf3 g5 30. hxg5 hxg5 31. Ng6 Qg7 32. Nxf8 Ne2+ 33. Bxe2 Qxc3 34. Kg2 Qe3 35. Bh5 Qe4+ 36. Bf3 Qxc4 37. Rf2 g4 38. Be2 Qxd5+ 39. Kg1 Bf5 0-1

[Event "Suwalki Warakomska Memorial 6th"]
[Site "Suwalki"]
[Date "2022.08.05"]
[Round "4"]
[White "Kacprzak, Kacper"]
[Black "Kaczmarek, Arkadiusz"]
[Result "1/2-1/2"]
[WhiteElo "2273"]
[BlackElo "2124"]
[PlyCount "32"]
[EventDate "2022.08.03"]
[EventType "swiss"]
[EventRounds "9"]
[EventCountry "POL"]
[SourceTitle "CBM 209 Extra"]
[Source "ChessBase"]
[SourceDate "2022.09.30"]
[SourceVersion "1"]
[SourceVersionDate "2022.09.30"]
[SourceQuality "1"]

1. d4 d5 2. c4 c6 3. Nf3 Nf6 4. Nc3 dxc4 5. a4 e6 6. e3 c5 7. Bxc4 Nc6 8. 0-0 cxd4 9. exd4 Be7 10. Bg5 0-0 11. Re1 h6 12. Bh4 b6 13. Qd3 Bb7 14. Rad1 Nb4 15. Qe2 Nfd5 16. Bg3 Rc8 1/2-1/2

[Event "Suwalki Warakomska Memorial 6th"]
[Site "Suwalki"]
[Date "2022.08.04"]
[Round "2"]
[White "Lewtak, Damian"]
[Black "Kaczmarek, Arkadiusz"]
[Result "1-0"]
[WhiteElo "2396"]
[BlackElo "2124"]
[PlyCount "81"]
[EventDate "2022.08.03"]
[EventType "swiss"]
[EventRounds "9"]
[EventCountry "POL"]
[SourceTitle "CBM 209 Extra"]
[Source "ChessBase"]
[SourceDate "2022.09.30"]
[SourceVersion "1"]
[SourceVersionDate "2022.09.30"]
[SourceQuality "1"]

1. g3 d5 2. Bg2 Nf6 3. b3 Bf5 4. Bb2 e6 5. Nf3 h6 6. 0-0 Nbd7 7. d3 Be7 8. Nbd2 0-0 9. Qe1 c5 10. e4 Bh7 11. e5 Ne8 12. Qe2 b5 13. c4 Nc7 14. Rfd1 Rb8 15. Nf1 Qc8 16. h4 Rd8 17. Ne3 Nf8 18. h5 a5 19. d4 bxc4 20. bxc4 dxc4 21. Nxc4 Qa6 22. Bc3 a4 23. Ba5 Rdc8 24. Rac1 Nd5 25. Bf1 cxd4 26. Nxd4 Rc5 27. Bd2 Qa7 28. Qg4 Kh8 29. Qf3 Kg8 30. Nd6 Bxd6 31. exd6 Rxc1 32. Bxc1 Qc5 33. Ba3 Qc3 34. Qxc3 Nxc3 35. Nc6 Ra8 36. Rc1 Nd5 37. Ne7+ Kh8 38. Nxd5 exd5 39. Bh3 f5 40. Re1 Rd8 41. Rd1 1-0

[Event "Warsaw Najdorf Memorial op-A"]
[Site "Warsaw"]
[Date "2022.07.12"]
[Round "4"]
[White "Kaczmarek, Arkadiusz"]
[Black "Sarkar, Justin"]
[Result "0-1"]
[WhiteElo "2147"]
[BlackElo "2346"]
[PlyCount "78"]
[EventDate "2022.07.09"]
[EventType "swiss"]
[EventRounds "9"]
[EventCountry "POL"]
[SourceTitle "CBM 209 Extra"]
[Source "ChessBase"]
[SourceDate "2022.09.30"]
[SourceVersion "1"]
[SourceVersionDate "2022.09.30"]
[SourceQuality "1"]

1. d4 Nf6 2. c4 e6 3. Nf3 d5 4. Nc3 b6 5. cxd5 exd5 6. Bg5 Be7 7. e3 Bb7 8. Bb5+ c6 9. Bd3 Nbd7 10. 0-0 0-0 11. Qc2 Re8 12. Rac1 c5 13. Bxf6 Nxf6 14. Bb5 Rf8 15. Ne5 Bd6 16. f4 c4 17. Qe2 a6 18. Ba4 b5 19. Bc2 Ne4 20. Bxe4 dxe4 21. a4 f6 22. Ng4 Qd7 23. Nf2 f5 24. b3 cxb3 25. axb5 axb5 26. Qb2 b4 27. Qxb3+ Kh8 28. Nb1 Ra5 29. Qb2 Bd5 30. Qe2 Ra2 31. Rc2 Rxc2 32. Qxc2 Rc8 33. Qb2 Qc7 34. Nd1 Qc2 35. h3 Ba2 36. Qxc2 Rxc2 37. Nf2 b3 38. Rd1 b2 39. Nd2 Rxd2 0-1

[Event "Zagnansk op"]
[Site "Zagnansk"]
[Date "2022.04.30"]
[Round "1"]
[White "Kaczanowski, Pawel"]
[Black "Kaczmarek, Arkadiusz"]
[Result "1-0"]
[WhiteElo "1616"]
[BlackElo "2128"]
[PlyCount "61"]
[EventDate "2022.04.29"]
[EventType "swiss"]
[EventRounds "9"]
[EventCountry "POL"]
[SourceTitle "CBM 208 Extra"]
[Source "ChessBase"]
[SourceDate "2022.07.31"]
[SourceVersion "1"]
[SourceVersionDate "2022.07.31"]
[SourceQuality "1"]

1. e4 c5 2. Nf3 e6 3. d4 cxd4 4. Nxd4 Nc6 5. Nb5 d6 6. c4 Nf6 7. N1c3 a6 8. Nd4 Bd7 9. Be3 Rc8 10. Be2 Ne5 11. b3 b5 12. f4 Ng6 13. 0-0 b4 14. f5 Ne5 15. fxe6 fxe6 16. Na4 Nxe4 17. Bh5+ g6 18. Bf3 Nc5 19. Nxc5 dxc5 20. Nc2 Bc6 21. Bxc6+ Rxc6 22. Qe2 Qd3 23. Qf2 Be7 24. Rad1 Rf8 25. Bf4 Qc3 26. Qe2 Rf5 27. Qe4 Rd6 28. Ne3 Rxd1 29. Rxd1 Rh5 30. g4 g5 31. Bxe5 1-0

[Event "Bialystok Zamenhof Memorial 41st"]
[Site "Bialystok"]
[Date "2022.??.??"]
[Round "8"]
[White "Salna, Aleksandras"]
[Black "Kaczmarek, Arkadiusz"]
[Result "0-1"]
[WhiteElo "2191"]
[BlackElo "2141"]
[PlyCount "124"]
[EventDate "2022.12.27"]
[EventType "swiss"]
[EventRounds "9"]
[EventCountry "POL"]
[SourceTitle "CBM 211 Extra"]
[Source "ChessBase"]
[SourceDate "2023.01.31"]
[SourceVersion "1"]
[SourceVersionDate "2023.01.31"]
[SourceQuality "1"]

1. d4 d5 2. c4 dxc4 3. e4 e5 4. Nf3 Bb4+ 5. Bd2 Bxd2+ 6. Nbxd2 exd4 7. Bxc4 Nc6 8. b4 Qf6 9. b5 Na5 10. Bd3 Ne7 11. Qa4 b6 12. e5 Qh6 13. Qa3 c5 14. bxc6 Naxc6 15. Qd6 0-0 16. Qxh6 gxh6 17. 0-0 Be6 18. a3 Rfd8 19. Rac1 Na5 20. Ne4 Nb3 21. Rcd1 Nd5 22. Bc4 Nc3 23. Bxe6 fxe6 24. Rde1 Rac8 25. Nfd2 Nxd2 26. Nxd2 b5 27. f4 a5 28. f5 exf5 29. Rf2 f4 30. Rxf4 Rd6 31. Rf5 Rd5 32. Rf2 d3 33. e6 Ne2+ 34. Kf1 Re5 35. Rf6 Rf8 36. Rxf8+ Kxf8 37. Rb1 Ke7 38. Rb3 Rd5 39. Kf2 Kxe6 40. g3 Kd6 41. Ke3 Re5+ 42. Kf2 Nc1 43. Rb2 Re2+ 44. Kf3 Kc6 45. h4 a4 46. Rb1 Rxd2 47. Rxc1+ Rc2 48. Rf1 Kd5 49. Ke3 Kc4 50. Rb1 Re2+ 51. Kf3 Re7 52. Rb4+ Kc3 53. Rxb5 d2 54. Rc5+ Kb2 55. Rd5 Kc1 56. Rc5+ Kd1 57. Kf2 Rf7+ 58. Kg2 Ke2 59. Re5+ Kd3 60. Rd5+ Kc3 61. Rd6 Re7 62. Kf2 Re1 0-1

[Event "Bialystok Zamenhof Memorial 41st"]
[Site "Bialystok"]
[Date "2022.??.??"]
[Round "6"]
[White "Wojdak, Jan"]
[Black "Kaczmarek, Arkadiusz"]
[Result "1/2-1/2"]
[WhiteElo "2115"]
[BlackElo "2141"]
[PlyCount "117"]
[EventDate "2022.12.27"]
[EventType "swiss"]
[EventRounds "9"]
[EventCountry "POL"]
[SourceTitle "CBM 211 Extra"]
[Source "ChessBase"]
[SourceDate "2023.01.31"]
[SourceVersion "1"]
[SourceVersionDate "2023.01.31"]
[SourceQuality "1"]

1. e4 c5 2. Nf3 e6 3. d4 cxd4 4. Nxd4 Nc6 5. Nc3 a6 6. Nxc6 bxc6 7. e5 Qc7 8. f4 d5 9. exd6 Bxd6 10. Ne4 Be7 11. Bd3 Nf6 12. 0-0 0-0 13. Ng5 g6 14. Qe2 Bb7 15. Nf3 c5 16. b3 Nd5 17. Ne5 Bf6 18. Bb2 Bg7 19. c4 Nb4 20. Be4 Rad8 21. a3 Nc6 22. Bxc6 Bxc6 23. Kh1 Ba8 24. b4 Rd6 25. Bc3 Rc8 26. Rac1 Qb7 27. bxc5 Rdd8 28. Ba5 Rd4 29. c6 Qb3 30. Rf3 Qa4 31. Bc3 Rdd8 32. Bb4 a5 33. Bc3 Bxc6 34. Nxc6 Rxc6 35. Bxg7 Kxg7 36. h3 Kg8 37. Rd3 Rcc8 38. Qd2 Rf8 39. c5 Qe4 40. Rd4 Qa8 41. Ra4 Rfd8 42. Qxa5 Qc6 43. Rac4 Rd3 44. Kh2 Qd5 45. Qe1 Rxa3 46. R1c2 Rc6 47. Qb4 Rd3 48. Qb8+ Qd8 49. Qb7 Qc7 50. Qb2 Rd8 51. Qc3 Rc8 52. Rd2 Rd8 53. Rxd8+ Qxd8 54. Rd4 Qf8 55. Rc4 Qd8 56. Kg3 h5 57. Kf3 Qd5+ 58. Kg3 Kh7 59. Kh2 1/2-1/2

[Event "Suwalki Warakomska Memorial 5th"]
[Site "Suwalki"]
[Date "2021.07.31"]
[Round "6"]
[White "Kaczmarek, Arkadiusz"]
[Black "Kumala, Aleksander"]
[Result "1-0"]
[WhiteElo "2147"]
[BlackElo "2206"]
[PlyCount "45"]
[EventDate "2021.07.27"]
[EventType "swiss"]
[EventRounds "9"]
[EventCountry "POL"]
[SourceTitle "CBM 203 Extra"]
[Source "ChessBase"]
[SourceDate "2021.09.30"]
[SourceVersion "1"]
[SourceVersionDate "2021.09.30"]
[SourceQuality "1"]

1. d4 Nf6 2. c4 e5 3. dxe5 Ng4 4. e4 Nxe5 5. f4 Nec6 6. Nc3 Bc5 7. Na4 Bb4+ 8. Kf2 b6 9. Be3 Na6 10. Ne2 Bb7 11. a3 Bc5 12. Nxc5 Nxc5 13. Nc3 Qf6 14. Rc1 g5 15. Nd5 Nxe4+ 16. Kg1 Qd6 17. fxg5 0-0-0 18. b4 Qe6 19. Be2 Rhg8 20. h4 f6 21. Bg4 f5 22. Bh3 Ne5 23. Bxf5 1-0

[Event "Warsaw Najdorf Memorial op-A"]
[Site "Warsaw"]
[Date "2021.07.18"]
[Round "9"]
[White "Kaczmarek, Arkadiusz"]
[Black "Dalkowski, Rafal"]
[Result "0-1"]
[WhiteElo "2147"]
[BlackElo "1980"]
[PlyCount "64"]
[EventDate "2021.07.10"]
[EventType "swiss"]
[EventRounds "9"]
[EventCountry "POL"]
[SourceTitle "EXT 2022"]
[Source "ChessBase"]
[SourceDate "2021.10.06"]
[SourceVersion "1"]
[SourceVersionDate "2021.10.06"]
[SourceQuality "1"]

1. d4 Nf6 2. c4 c5 3. d5 g6 4. Nc3 Bg7 5. e4 d6 6. Nf3 0-0 7. Be2 e5 8. 0-0 Ne8 9. Ne1 f5 10. Nd3 Nf6 11. exf5 gxf5 12. f4 e4 13. Nf2 Kh8 14. Be3 Rg8 15. Kh1 Bd7 16. Rg1 Qe8 17. Qb3 b6 18. a4 Na6 19. Nb5 Qe7 20. g4 fxg4 21. Nxg4 Nxg4 22. Bxg4 Bxg4 23. Rxg4 Nb4 24. Rag1 Nd3 25. Nc3 Bd4 26. Rxg8+ Rxg8 27. Rxg8+ Kxg8 28. Bxd4 cxd4 29. Ne2 Qf7 30. Qb5 Qh5 31. Nxd4 Qg6 32. h3 Nxf4 0-1

[Event "Warsaw Najdorf Memorial op-A"]
[Site "Warsaw"]
[Date "2021.07.15"]
[Round "6"]
[White "Cukrowski, Filip"]
[Black "Kaczmarek, Arkadiusz"]
[Result "1-0"]
[WhiteElo "2389"]
[BlackElo "2147"]
[PlyCount "69"]
[EventDate "2021.07.10"]
[EventType "swiss"]
[EventRounds "9"]
[EventCountry "POL"]
[SourceTitle "EXT 2022"]
[Source "ChessBase"]
[SourceDate "2021.10.06"]
[SourceVersion "1"]
[SourceVersionDate "2021.10.06"]
[SourceQuality "1"]

1. e4 c5 2. d4 cxd4 3. Qxd4 Nc6 4. Qd2 Nf6 5. Nc3 e6 6. Nf3 Bb4 7. Bd3 d5 8. exd5 Nxd5 9. a3 Qa5 10. 0-0 0-0 11. axb4 Qxa1 12. Nxd5 exd5 13. b5 Ne7 14. Qb4 Ng6 15. h4 Re8 16. h5 Nf8 17. h6 Qa2 18. Qd4 f6 19. hxg7 Kxg7 20. b4 Re4 21. Bxe4 dxe4 22. Qxe4 Qe6 23. Qf4 Qf5 24. Qh6+ Kf7 25. Nd4 Qe4 26. Bb2 Bd7 27. c4 Rd8 28. Qh5+ Kg7 29. Qf3 Qxf3 30. Nxf3 Be6 31. c5 Bc4 32. Ra1 Ra8 33. b6 a6 34. Nd4 Rc8 35. Nf5+ 1-0

[Event "Warsaw Najdorf Memorial op-A"]
[Site "Warsaw"]
[Date "2021.07.14"]
[Round "5"]
[White "Kaczmarek, Arkadiusz"]
[Black "Seemann, Jakub"]
[Result "1/2-1/2"]
[WhiteElo "2147"]
[BlackElo "2300"]
[PlyCount "70"]
[EventDate "2021.07.10"]
[EventType "swiss"]
[EventRounds "9"]
[EventCountry "POL"]
[SourceTitle "CBM 203 Extra"]
[Source "ChessBase"]
[SourceDate "2021.09.30"]
[SourceVersion "1"]
[SourceVersionDate "2021.09.30"]
[SourceQuality "1"]

1. d4 d5 2. c4 c6 3. Nc3 Nf6 4. Nf3 e6 5. Bg5 dxc4 6. e4 b5 7. e5 h6 8. Bh4 g5 9. exf6 gxh4 10. Ne5 Qxf6 11. g3 Bb7 12. Bg2 h3 13. Be4 Bd6 14. f4 Bxe5 15. dxe5 Qe7 16. Qf3 Qc5 17. 0-0-0 Nd7 18. Rd6 b4 19. Rhd1 Nb6 20. Bxc6+ Bxc6 21. Rxc6 Qa5 22. Ne4 Qxa2 23. Qh5 Qa1+ 24. Kd2 Rd8+ 25. Nd6+ Rxd6+ 26. Rxd6 Qxb2+ 27. Ke1 Nd5 28. Rxe6+ Kf8 29. Rd6 Qc3+ 30. Rd2 Qe3+ 31. Qe2 Qg1+ 32. Qf1 Qe3+ 33. Qe2 Qg1+ 34. Qf1 Qe3+ 35. Qe2 Qg1+ 1/2-1/2

[Event "Krakow Malopolska-ch"]
[Site "Krakow"]
[Date "2021.06.06"]
[Round "7"]
[White "Kaczmarek, Arkadiusz"]
[Black "Golecki, Jan"]
[Result "1-0"]
[WhiteElo "2108"]
[BlackElo "2200"]
[PlyCount "102"]
[EventDate "2021.06.03"]
[EventType "swiss"]
[EventRounds "7"]
[EventCountry "POL"]
[SourceTitle "CBM 202 Extra"]
[Source "ChessBase"]
[SourceDate "2021.07.31"]
[SourceVersion "1"]
[SourceVersionDate "2021.07.31"]
[SourceQuality "1"]

1. d4 d5 2. c4 e6 3. Nf3 Nf6 4. Nc3 a6 5. cxd5 exd5 6. Bg5 Be6 7. Qb3 Nbd7 8. e3 b5 9. Qc2 h6 10. Bh4 Bd6 11. Be2 c6 12. 0-0 Qc7 13. Rfc1 0-0 14. Bg3 Bxg3 15. hxg3 Ng4 16. a4 Rfc8 17. Ne1 Ndf6 18. axb5 cxb5 19. Qd2 Qd6 20. Nd3 h5 21. Bxg4 Bxg4 22. Nc5 Nd7 23. b4 Nb6 24. Ra2 Nc4 25. Qd3 h4 26. gxh4 Rc6 27. Rca1 a5 28. e4 Qf6 29. Nxd5 Qxh4 30. Qg3 Qxg3 31. fxg3 Kf8 32. bxa5 Nd6 33. Nb4 Rc7 34. a6 Be6 35. Rc2 Bc4 36. Rf2 Ke8 37. e5 Nc8 38. Rc1 Raa7 39. Ne4 Rd7 40. d5 Ra8 41. d6 Nb6 42. Rf4 Rda7 43. Rh4 Nd7 44. Rh8+ Nf8 45. Nc5 Rc8 46. d7+ Rxd7 47. Rxf8+ Kxf8 48. Nxd7+ Ke8 49. Nb6 Rc7 50. Ra1 Ra7 51. Nc6 Ba2 1-0

[Event "Krakow Malopolska-ch"]
[Site "Krakow"]
[Date "2021.06.04"]
[Round "3"]
[White "Kaczmarek, Arkadiusz"]
[Black "Chylewski, Patryk"]
[Result "1/2-1/2"]
[WhiteElo "2108"]
[BlackElo "2323"]
[PlyCount "40"]
[EventDate "2021.06.03"]
[EventType "swiss"]
[EventRounds "7"]
[EventCountry "POL"]
[SourceTitle "CBM 202 Extra"]
[Source "ChessBase"]
[SourceDate "2021.07.31"]
[SourceVersion "1"]
[SourceVersionDate "2021.07.31"]
[SourceQuality "1"]

1. d4 Nf6 2. c4 e6 3. Nf3 Bb4+ 4. Nbd2 0-0 5. a3 Be7 6. e3 c5 7. dxc5 Bxc5 8. b4 Be7 9. Bb2 a5 10. Qb3 b6 11. Be2 axb4 12. axb4 Rxa1+ 13. Bxa1 Bb7 14. 0-0 d5 15. Rd1 Nbd7 16. Bb2 Qb8 17. cxd5 Bxd5 18. Bc4 Qb7 19. Bxd5 Nxd5 20. b5 Nc5 1/2-1/2

[Event "Krakow Malopolska-ch"]
[Site "Krakow"]
[Date "2021.06.03"]
[Round "2"]
[White "Kaczmarek, Arkadiusz"]
[Black "Grabarczyk, Miroslaw"]
[Result "1/2-1/2"]
[WhiteElo "2108"]
[BlackElo "2378"]
[PlyCount "52"]
[EventDate "2021.06.03"]
[EventType "swiss"]
[EventRounds "7"]
[EventCountry "POL"]
[SourceTitle "CBM 202 Extra"]
[Source "ChessBase"]
[SourceDate "2021.07.31"]
[SourceVersion "1"]
[SourceVersionDate "2021.07.31"]
[SourceQuality "1"]

1. d4 Nf6 2. c4 e6 3. Nf3 d5 4. Nc3 Be7 5. Bf4 0-0 6. e3 Nbd7 7. c5 Nh5 8. Bd3 Nxf4 9. exf4 c6 10. 0-0 b6 11. b4 Qc7 12. g3 a5 13. a3 Ba6 14. Bxa6 Rxa6 15. Qd3 Ra7 16. Rfc1 Rfa8 17. Rab1 axb4 18. axb4 Ra3 19. Qc2 g6 20. Kg2 Bf6 21. Ne2 bxc5 22. bxc5 Qa7 23. Rb2 Rb8 24. Rxb8+ Qxb8 25. Rb1 Qa7 26. Rb3 Bd8 1/2-1/2

[Event "Poronin Tatra Limba op"]
[Site "Poronin"]
[Date "2021.05.23"]
[Round "2"]
[White "Kaczmarek, Arkadiusz"]
[Black "Budrewicz, Krzysztof"]
[Result "0-1"]
[WhiteElo "2079"]
[BlackElo "2289"]
[PlyCount "54"]
[EventDate "2021.05.22"]
[EventType "swiss"]
[EventRounds "9"]
[EventCountry "POL"]
[SourceTitle "EXT 2022"]
[Source "ChessBase"]
[SourceDate "2021.10.06"]
[SourceVersion "1"]
[SourceVersionDate "2021.10.06"]
[SourceQuality "1"]

1. d4 g6 2. c4 Bg7 3. e4 d6 4. Nc3 e5 5. d5 a5 6. Be2 Na6 7. Nf3 Ne7 8. 0-0 0-0 9. Ne1 f5 10. f3 f4 11. Nd3 g5 12. Bd2 h5 13. Be1 Ng6 14. Bf2 b6 15. a3 Nc5 16. Nxc5 bxc5 17. b4 axb4 18. axb4 Rxa1 19. Qxa1 cxb4 20. Nb5 g4 21. Kh1 g3 22. Bg1 Nh4 23. Rc1 Nxg2 24. Kxg2 Qh4 25. Kh1 Bh3 26. Bf1 Bxf1 27. Rxf1 Qh3 0-1

[Event "Bialystok Zamenhof Memorial 38th"]
[Site "Bialystok"]
[Date "2019.12.27"]
[Round "1"]
[White "Kosakowski, Jakub"]
[Black "Kaczmarek, Arkadiusz"]
[Result "1-0"]
[WhiteElo "2403"]
[BlackElo "2088"]
[PlyCount "95"]
[EventDate "2019.12.27"]
[EventType "swiss"]
[EventRounds "9"]
[EventCountry "POL"]
[SourceTitle "CBM 194 Extra"]
[Source "ChessBase"]
[SourceDate "2020.03.31"]
[SourceVersion "1"]
[SourceVersionDate "2020.03.31"]
[SourceQuality "1"]

1. e4 e6 2. d4 d5 3. Nd2 Nf6 4. e5 Nfd7 5. Bd3 c5 6. c3 Nc6 7. Ne2 cxd4 8. cxd4 f6 9. exf6 Nxf6 10. 0-0 Bd6 11. Nf3 Qc7 12. h3 0-0 13. Be3 Bd7 14. Re1 Rae8 15. Nc3 a6 16. Rc1 Qb8 17. Na4 e5 18. dxe5 Nxe5 19. Nxe5 Bxe5 20. Nc5 Bc8 21. Qd2 Kh8 22. Qb4 d4 23. Bxd4 Bxd4 24. Qxd4 Rd8 25. Qc4 Qd6 26. Rcd1 Qd4 27. Qxd4 Rxd4 28. Be2 Rfd8 29. Rxd4 Rxd4 30. Bf3 b6 31. Ne4 Nxe4 32. Rxe4 Rxe4 33. Bxe4 Be6 34. a3 g5 35. f4 gxf4 36. Kf2 Kg7 37. Kf3 h6 38. Kxf4 Kf6 39. g4 Bc4 40. Bf5 a5 41. b4 axb4 42. axb4 Bf1 43. h4 Bc4 44. g5+ hxg5+ 45. hxg5+ Ke7 46. Ke5 Bb3 47. g6 Bc4 48. Be4 1-0